Statistics for Guess the Country by Every Other Letter Missing #3

Click here to take the quiz!

General Stats

  • This quiz has been taken 47 times
  • The average score is 21 of 24

Answer Stats

CountryAnswer% Correct
DmncDominica
100%
Dmnc RpbiDominican Republic
100%
FjFiji
100%
FnadFinland
100%
Ppa Nw GiePapua New Guinea
100%
MxcMexico
98%
Bria FsBurkina Faso
96%
CmrsComoros
96%
IdnsaIndonesia
96%
LxmorLuxembourg
96%
Nrh McdnaNorth Macedonia
96%
Sit LcaSaint Lucia
96%
AglAngola
93%
NtelnsNetherlands
93%
AdraAndorra
87%
UadUganda
87%
BnldsBangladesh
80%
ClmiColombia
80%
TrmnsaTurkmenistan
80%
GieGuinea
76%
BraoBarbados
71%
GaeaaGuatemala
69%
BlaiBulgaria
64%
SoaiSlovakia
60%

Score Distribution

Percentile by Number Answered

Percent of People with Each Score

Your Score History

You have not taken this quiz